00434nam a2200157 a 4500008004100000020002200041100002200063245005400085260003800139300003100177490002700208650001400235003000100249005001700250040000900267  a034080436X (pbk.)1 aBrunskill, Keith.10a101 key ideas :beconomics /cby Keith Brunskill. aLondon :bHodder headline,c2001. avii, 101 p.bill ;c20 cm. aTeach yourself series. 1aEconomics20230123133903.0 cNUST